| 000 | 00595nam a2200193Ia 4500 | ||
|---|---|---|---|
| 008 | 151121s9999||||xx |||||||||||||| ||und|| | ||
| 082 | _a811/बोकील | ||
| 082 | _bHNW-70309 | ||
| 100 | _aबोकील संजीवनी | ||
| 245 | _aकाळीजकुपी | ||
| 260 | _b"नवीन उद्योग, पुणे।" | ||
| 260 | _c-- | ||
| 300 | _a84 | ||
| 600 | _aबोकील संजीवनी | ||
| 630 | _aकाळीजकुपी | ||
| 700 | _aबोकील संजीवनी | ||
| 730 | _aकाळीजकुपी | ||
| 942 | _cBOOK | ||
| 999 |
_c1251784 _d1251781 |
||